Hongkong - štyri roky po návrate do Číny

Čínska vláda Hongkongu vyvíja svoj vlastný autetický rozvojový program. Hongkonská ekonomika pred ázijskou finančnou krízou. Bremeno ázijskej finančnej krízy. Ázijská finančná kríza prehĺbila orientáciu Hongkongu na kontinentálnu Čínu. Nová integračná funkcia Hongkongu.

Guardado en:
Detalles Bibliográficos
Autor principal: Lipták, Július
Formato: Capítulo de libro
Lenguaje:eslovaco
Materias:
Etiquetas: Agregar Etiqueta
Sin Etiquetas, Sea el primero en etiquetar este registro!

MARC

LEADER 00000naa a2200000 4500
001 r041727
005 20230810110135.0
041 0 |a slo 
044 |a SK 
245 1 0 |a Hongkong - štyri roky po návrate do Číny  |c Július Lipták 
520 |a Čínska vláda Hongkongu vyvíja svoj vlastný autetický rozvojový program. Hongkonská ekonomika pred ázijskou finančnou krízou. Bremeno ázijskej finančnej krízy. Ázijská finančná kríza prehĺbila orientáciu Hongkongu na kontinentálnu Čínu. Nová integračná funkcia Hongkongu. 
610 2 0 |a vývoj hospodársky 
610 2 0 |a situácia hospodárska 
610 2 0 |a kríza finančná 
610 2 0 |a Hongkong 
610 2 0 |a Ázia 
610 2 0 |a 1997-2001 
100 1 |a Lipták, Július